Cartoon Rodents - Statistics

General Stats
  • This quiz has been taken 91 times
  • The average score is 10 of 16
Answer Stats
Picture Answer % Correct
Mickey Mouse
100%
Alvin
95%
Minnie Mouse
95%
Jerry
94%
Chip 'n' Dale
85%
Speedy Gonzales
79%
Sandy Cheeks
76%
Remy
71%
Brain
64%
Pinky
62%
Master Splinter
61%
Mighty Mouse
53%
Rocky
44%
Rufus
24%
Lemmings
18%
Daggett Beaver
11%
No matching quizzes found
Score Distribution
Percent of People with Each Score
Percentile by Number Answered
Your Score History
You have not taken this quiz